000 00193 a2200097 4500
020 _a0140366733
041 _aeng
100 _aTwain, Mark
245 _aThe adventures of Tom Sawyer
942 _cBK
999 _c6472
_d6472